00672 2200181 4500001002100000005001500021035002000036245005300056100001700109250001700126300002800143260003100171082000800202084001400210020002200224650002100246520022300267INLIS00000000000001520240318054324 a0010-03240000151 aAku Memilih :bSenang atau Sedih /cFadila Hanum0 aFadila Hanum acetakan ke-1 a24 hlm :bilus ;c19 cm aSolo :bTiga Ananda,c2018 a813 a813 FAD a a978-602-366-488-7 4aCerita Bergambar aAku mau bermain sepak bola, tetapi di luar hujan. Mama mengajakku bermain tebak kata bersama Kamil. Aku harus bagaimana, ya? Tetap sedih atau ikut bersenang-senang bersama Mama dan Kamil? Pilih mana, senang atau sedih?